The custom of the country

Spremljeno u:
Bibliografski detalji
Glavni autor: Edith Wharton
Format: Knjiga
Jezik:Undetermined
Izdano: London Everyman's Library 1994
Teme:
Oznake: Dodaj oznaku
Bez oznaka, Budi prvi tko označuje ovaj zapis!
Thư viện lưu trữ: Trung tâm Học liệu Trường Đại học Cần Thơ
LEADER 00521nam a2200181Ia 4500
001 CTU_40097
008 210402s9999 xx 000 0 und d
082 |a 813.4 
082 |b W553c 
100 |a Edith Wharton 
245 4 |a The custom of the country 
245 0 |c Edith Wharton 
260 |a London 
260 |b Everyman's Library 
260 |c 1994 
650 |a american fiction - 20th century,american literature - 20th century 
904 |i Minh, 001225 
980 |a Trung tâm Học liệu Trường Đại học Cần Thơ